000 01037nmc a2200361 a 4500
003 AR-BaBNM
005 20251128205603.0
008 268019s1994 ||||||||||||||000 | spa||
020 _a84-7738-244-1
040 _cAR-BaBNM
100 1 _aLozano Seijas, Claudio
245 1 0 _aLa educación en los siglos XIX y XX
260 _aMadrid
_bSíntesis
_c1994
300 _a220 p.
_btablas, il., láms.
490 0 _aHistoria Universal: contemporánea
_vv. 20
500 _aBibliofilmografía p. 217-220
500 _aApéndice p. 187-215
500 _aCronología p. 13-25
600 1 4 _aFreire, Paulo
610 2 4 _aUnesco
650 4 _aFILOSOFIA DE LA EDUCACION
650 4 _aHISTORIA DE LA EDUCACION
650 4 _aEDUCACION
650 4 _aSIGLO DIECINUEVE
650 4 _aSIGLO VEINTE
650 4 _aREFORMA DE LA EDUCACION
651 4 _aEuropa
651 4 _aAmérica Latina
800 1 _aPlácido Suárez, Domingo
_edirector
800 1 _aHernández Sandoica, Elena
_ecoordinador
942 _cBK
998 _cMariana
999 _c12011
_d12011